Lenin... or Lennon ? - Statistics

General Stats
  • This quiz has been taken 55 times
  • The average score is 11 of 15
Answer Stats
Question Answer % Correct
Married a Japanese woman Lennon
94%
Crossed Abbey Road Lennon
94%
His body is on public display. Lenin
92%
Imagined a world without social hierarchies Both
80%
Crossed the Red Square Lenin
80%
Upon his death, his brain was dissected, analysed and preserved in formalin Lenin
78%
His face has been widely depicted in the arts Both
74%
Said, ‘Where there's a will, there's a way.’ Lenin
72%
Played an instrument Lennon
72%
Regularly wore round glasses Lennon
70%
Wrote ‘Revolution’ Lennon
68%
Was communist Lenin
66%
Was murdered Lennon
66%
Wrote a text called ‘Power to the People’ Lennon
52%
Has a monument in New York City Both
20%
No matching quizzes found
Score Distribution
Percent of People with Each Score
Percentile by Number Answered
Your Score History
You have not taken this quiz